000
00214nam a2200085 4500
001
1257640
005
20260217132834.0
245
_a
KUDÜSÜN İKİNCİ FATİHİSELAHADDİN EYYUBİ
_c
MERYEM UÇAR
260
_b
ERDEM GENÇ
999
_c
1257640
_d
1257640